| 000 | 00990nam a22002177a 4500 | ||
|---|---|---|---|
| 003 | AM-YEHGA | ||
| 005 | 20250617164120.0 | ||
| 008 | 190729s1962 ru ||||| |||| 00| 0 rus d | ||
| 040 | _aAM-YeHGA | ||
| 041 | 0 | _arus | |
| 100 | 1 | _aПотапов, Александр Александрович | |
| 245 | 0 | 0 |
_aНормирование расхода и производственных запасов основных материалов в нефтяной промышленности Азербайджанской ССР/ _cА.А. Потапов, А.А. Черфас, В.А. Логашкин |
| 260 |
_aБаку : _bАзернешр, _c1962 |
||
| 300 | _a117 с. | ||
| 650 | 1 | 4 | _aНефтяная промышленность - Нормирование расхода материалов |
| 700 | 1 | _aЧерфас, Александр Абрамович | |
| 700 | 1 | _aЛогашкин, Валериан Акимович | |
| 942 |
_2udc _cBK |
||
| 001 | 1794606 | ||
| 090 | _c521750 | ||
| 999 |
_c518196 _d518196 |
||